000 01148cam a22003014a 4500
999 _c522545
_d522545
001 12430006
003 NUST
005 20181031044123.0
008 010604s2002 nyu 000 0 eng
010 _a 2001034116
020 _a0814471250 (looseleaf)
038 _aArshad
040 _aDLC
_cDLC
_dDLC
042 _apcc
050 0 0 _aHD66
_b.H367 2002
082 0 0 _a658.402
_bHAR
100 1 _aHardingham, Alison,
_d1955-
_912507
245 1 4 _aThe ultimate team-building toolkit :
_b32 exercises for trainers /
_cAlison Hardingham and Charlotte Ellis.
260 _aNew York :
_bAMACOM,
_c2002.
300 _a371 p. ;
_c30 cm.
500 _aRev. ed. of: Exercises for team development. 1999.
650 0 _aTeams in the workplace
_vProblems, exercises, etc.
_912508
700 1 _aEllis, Charlotte,
_d1966-
_912509
700 1 _aHardingham, Alison,
_d1955-
_tExercises for team development.
_912510
906 _a7
_bcbc
_corignew
_d1
_eocip
_f20
_gy-gencatlg
942 _2ddc
_cBK